1881 1057 1546 1316 1038 1813 1386 1055 1369 1309 1438 1816 1560 1370 1440 1427 1978 1334 1491 1254 1778 1591 1291 1222 1863 1809 1375 1640 1058 1762 1559 1820 1673 1061 1804 1693 1382 1745 1929 1334 1499 1093 1767 1810 1743 1323 1760 1839 1296 1595 1214 1681 1571 1270 1393 1292 1747 1766 1118 1338 1146 1162 1804 1338 1901 1199 1221 1713 1305 1292 1588 1590 1970 1848 1932 1949 1848 1984 1112 1752 1254 1128 1832 1268 1824 1836 1144 1746 1782 1201 1779 1790 1261 1278 1094 1386 1981 1825 1355 BCNSPRNW ULIB Ver.6.0+V

เปลี่ยนเป็นภาษาไทย

Change to English
 แสดงรายละเอียดบรรณานุกรม
  กลับหน้าหลัก

Brief Record : Get Marc (ISO 2709) : E-mail record : QR code < ปิดหน้าต่าง
LEADER : 00000nam 2200000uu 4500
001    13399110152
003     ULIB
008    110220s2553||||th 000 0 tha d
060  4 WY160^bท121อ 2553
100 0  ทมาภรณ์ สุขสวรรค์
245 00 เอกสารประกอบการสอนหลักสูตรพยาบาลศาสตร์บัณฑิต วิชา การพยาบาลบุคคลที่มีปัญหาทางจิต/^cทมาภรณ์ สุขสวรรค์
260    นครสวรรค์:^bวิทยาลัยพยาบาลบรมราชชนนี สวรรค์ประชารักษ์ นครสวรรค์,^c2553
300    348 หน้า
650  7 การพยาบาล
650  7 สุขภาพจิต
710 2  กระทรวงสาธารณสุข.^bสถาบันพระบรมราชนก.^bวิทยาลัยพยาบาลบรมราชชนนี สวรรค์ประชารักษ์ นครสวรรค์.
945    ^p0^l0^i029185
995    ทศพร
999 ^a ใช้งานได้ทุกระบบ
รายการนี้ยังไม่มีแท็ก
คุณยังไม่ได้ล็อกอิน คุณสามารถมีกิจกรรมร่วมกับเว็บไซต์ได้ แต่ต้องล็อกอินก่อน ::
  ล็อกอิน

รายการสื่อสารสนเทศ

ลำดับที่ ประเภท เลขเรียก/บาร์โค้ด สถานที่ สถานะ
1. วิทยาศาสตร์การแพทย์ และสุขภาพ
วิทยาศาสตร์การแพทย์ และสุขภาพ
WY160 ท121อ 2553 ฉ.1 
  Barcode: 029185
ห้องสมุดวิทยาเขตสวรรค์ประชารักษ์
►ส่วนจัดเก็บหนังสือเก่า สปร
บนชั้น
  ขอยืม

รายการใกล้เคียง
    ผู้แต่ง [ทมาภรณ์ สุขสวรรค์]

    หัวเรื่อง [การพยาบาล]
    หัวเรื่อง [สุขภาพจิต]

BibComment


ยังไม่เคยถูกคอมเมนท์

คอมเมนท์ทรัพยากรรายการนี้
  คอมเมนท์: เอกสารประกอบการสอ..


 Copyright 2026. Bcnsprnw @Library